Statistics for Countries Nawaz Sharif visited

Click here to take the quiz!

General Stats

  • This quiz has been taken 13 times
  • The average score is 13 of 16

Answer Stats

ContinentCountry% Correct
AsiaChina
100%
AsiaIndia
100%
AsiaIran
100%
Asia/ EuropeTurkey
100%
EuropeUnited Kingdom
100%
North AmericaUnited States of America
100%
AsiaAfghanistan
89%
AsiaSaudi Arabia
89%
AsiaThailand
89%
AsiaBahrain
67%
EuropeGermany
67%
AsiaKazakhstan
67%
AsiaQatar
67%
AsiaNepal
56%
AsiaSri Lanka
44%
AsiaTajikistan
44%

Score Distribution

Percentile by Number Answered

Percent of People with Each Score

Your Score History

You have not taken this quiz